00846 a2200205 45000010006000000050017000060080041000230030015000640400040000790800066001192450020001850200022002052640047002273000019002745050206002930410008004991000021005077000017005288560095005455716520260407155834.0260407a2012 arg spa dAR-UNSa-BCEJYS aAR-UNSa-BCEJYSbspacAR-UNSa-BCEJYS a378xEnseñanza superior. Universidades. Escuelas especiales10aHomo academicus a978-987-629-028-9 1aMéxico :bSiglo Veintiuno editoresc2012 a314 p.c23 cm. a1. ¿Un “libro para quemar”? – 2. El conflicto de las facultades – 3. Especies de capital y formas de poder – 4. Defensa del cuerpo y ruptura de los equilibrios – 5. El momento crítico  aspa1 aBourdieu, Pierre1 aDilon, Ariel41uhttps://biblioeco.unsa.edu.ar/pmb/images/libros/L128735.jpgyImagen de portadaqimage/jpeg